000 01145nam0a22002891 4500
001 rc\422119
005 20260405095802.0
010 _a5-02-029411-Х
_910000
035 _a(NLR Aleph) 005669549
090 _a6959301
_c6959301
100 _a20030616d1988 |||y0rusy50 ca
101 0 _arus
102 _aRU
105 _aa |||||||||
200 1 _aПокоренная мерзлота
_fОтв. ред. Ф.Э. Реймерс
_gАН СССР, Сиб. отд-ние
210 _aНовосибирск
_cНаука. Сиб. отд-ние
_d1988
215 _a141, [2] с.
_cил.
_d20
225 1 _aСерия "Человек и окружающая среда"
320 _aБиблиогр.: с. 141-142
700 1 _7ca
_8rus
_aДенисов
_bГ. В.
_cд-р биол. наук
_f1929-2014
_gГерман Васильевич
_919128
_3RU\NLR\AUTH\7736137
701 1 _4070
_7ca
_8rus
_aЮдин
_bА. М.
_cканд. биол. наук
_gАлександр Михайлович
_9245457
_3RU\NLR\AUTH\770245513
801 0 _aRU
_bNLR
_gpsbo
801 1 _aRU
_bELAR
_2rusmarc
852 _aNLR
_j88-3/3843
942 _cBOOK
980 _aNB